| 000 | 01294nam0a2200313 4500 | ||
|---|---|---|---|
| 001 | RU\NLR\bibl\1471762 | ||
| 005 | 20260406051826.0 | ||
| 010 |
_a978-5-8243-1244-7 _91000 |
||
| 021 |
_aRU _b2009-101614 _96467 |
||
| 035 | _a(NLR Aleph) 001463454 | ||
| 090 |
_a1598068 _c1598068 |
||
| 100 | _a20100210d2010 |||y0rusy50 ca | ||
| 101 | 0 | _arus | |
| 102 | _aRU | ||
| 105 | _aa ||||||||| | ||
| 200 | 1 |
_aУ них есть родина _eсудьбы перемещенных культурных ценностей _fАвенир Овсянов |
|
| 210 |
_aМосква _cРОССПЭН _d2010 [т.е. 2009] |
||
| 215 |
_a271 с., [44] л. ил., цв. ил. _d22 |
||
| 320 | _aБиблиогр.: с. 264-265 (28 назв.) | ||
| 320 | _aУказ. имен: с. 266-271 | ||
| 606 | 1 |
_aВеликая Отечественная война _xРазрушение памятников культуры и старины немецкими захватчиками _z1941 - 1945 _91228348 _3RU\NLR\AUTH\66182555 |
|
| 686 | _aТ3(2)722.8 | ||
| 700 | 1 |
_4070 _8rus _7ca _aОвсянов _bА. П. _f1936- _gАвенир Петрович _3RU\NLR\auth\776993 _9116937 |
|
| 801 | 0 |
_aRU _bNLR _c20100210 _gRCR |
|
| 801 | 1 |
_aRU _bNLR _c20100210 |
|
| 942 | _cBOOK | ||
| 980 | _aNB | ||